000 00790nam a2200205Ia 4500
001 6279
003 GE_BSU
008 181216s||||||||xx |||||||||||||| ||und||
040 _cGE_BSU
080 _a821.353.1-11
100 _aბარათაშვილი,ნიკოლოზ.
245 _aლესქები;ბედი ქართლისა.
245 _cსარედ.კოლეგია:გრიგოლ,აბაშიძე;პავლე,ინგოროყვა;დევი,სტურუა;ვახტანგ,ჭელიძე.
260 _aთბილისი.
260 _bსაბჭ.საქართველო.
260 _c1968.
300 _a92გვ;17სმ.
653 _aლექსები.პოემა.
942 _cBK
999 _c39676
_d39676